ACE Short Form Agreement 2002 for use with a concise brief (Record no. 102727)

MARC details
000 -LEADER
fixed length control field 01157cam a2200229 4500
001 - CONTROL NUMBER
control field J12188
008 - FIXED-LENGTH DATA ELEMENTS--GENERAL INFORMATION
fixed length control field 030326n2002 000 0 eng u
035 ## - SYSTEM CONTROL NUMBER
System control number (Sirsi) u121757
041 ## - LANGUAGE CODE
Language code of text/sound track or separate title eng.
050 ## - LIBRARY OF CONGRESS CALL NUMBER
Classification number 624.08
-- 18
110 ## - MAIN ENTRY--CORPORATE NAME
Corporate name or jurisdiction name as entry element Association of Consulting Engineers
9 (RLIN) 1225
245 ## - TITLE STATEMENT
Title ACE Short Form Agreement 2002 for use with a concise brief
260 ## - PUBLICATION, DISTRIBUTION, ETC.
Place of publication, distribution, etc. London
Name of publisher, distributor, etc. ACE
Date of publication, distribution, etc. 2002
300 ## - PHYSICAL DESCRIPTION
Extent 10p.
Dimensions 31cm.
350 ## - PRICE (NR) (BK AM CF MU VM SE) [OBSOLETE]
Price 15
520 ## - SUMMARY, ETC.
Summary, etc. The ACE Short Form is intended for use with a concise brief. It is designed for tasks involving a single activity such as report and advisory work, a feasibility study or detailed design only. It is not suitable for use where collateral warranteis are required, and has been designed to be signed under hand only. It should also be used in conjunction with the guidance document 'ACE Short Form Agreement 2002 guidance', a copy of which is included in the folder containing the agreement.
650 ## - SUBJECT ADDED ENTRY--TOPICAL TERM
Topical term or geographic name entry element CIVIL ENGINEERING CONTRACTS
650 ## - SUBJECT ADDED ENTRY--TOPICAL TERM
Topical term or geographic name entry element CONSULTING ENGINEERS
650 ## - SUBJECT ADDED ENTRY--TOPICAL TERM
Topical term or geographic name entry element ACE SHORT FORM AGREEMENT 2002 FOR USE WITH A CONCISE BRIEF
690 ## - LOCAL SUBJECT ADDED ENTRY--TOPICAL TERM (OCLC, RLIN)
Topical term or geographic name as entry element BUILDING AND CONSTRUCTION-ENGINEERING
942 ## - ADDED ENTRY ELEMENTS (KOHA)
Suppress in OPAC 0
Holdings
Withdrawn status Lost status Source of classification or shelving scheme Damaged status Not for loan Home library Current library Shelving location Date acquired Total Checkouts Full call number Barcode Date last seen Date last checked out Copy number Price effective from Koha item type
    Dewey Decimal Classification     London London Boxed set 26/03/2003 3 ACE 2002/7 30068426 06/08/2019 17/03/2005 1 06/08/2019 Book